000 00621nam a22002177a 4500
005 20150331061122.0
008 010828s2002 at a 001 0 eng
020 _a0534385419
041 0 _aeng
080 _a510.2
100 1 _aStewart, James,
245 1 0 _aPrecalculus :
_cJames Stewart, Lothar Redlin, Saleem Watson.
250 _a4th ed.
260 _aAustralia ;
_aPacific Grove, CA :
_bBrooks/Cole,
_c2002.
300 _a1037 f. :
_bme il.;
_c25 cm
505 _aIndex: f. 1025 - 1037
650 0 _aMatematik
700 1 _aRedlin, L.
700 1 _aWatson, Saleem.
942 _2udc
_cBK
999 _c657
_d657